000 01063nam a22003257a 4500
001 BR8304637
003 BR-BrBNA
005 20230928091732.0
007 ta
008 230509b bl.||||| |||| 00| 0 por d
040 _aBR-BrBNA
_bpor
_cBiblioteca Nacional de Agricultura
041 _a(Eng)
072 _aK20; U10
_b3140
090 _ 3140 BR8304637
100 1 _aMoore, C.J.
100 1 _aBruin, H.A.R. de
100 1 _aMolion, L.C.B.
110 1 _aInstituto de Pesquisas Espaciais, Sao Jose dos Campos, SP (Brasil)
111 1 _aInternacional Conference on Forest Environmental Measurement
_cOAK Ridge, Tenn (USA)
_d23-28 Oct 1983
245 1 _aOn the estimation of zero-plane displacement for tall vegetation [pinheiro, dendrometria]
_bINPE-2946-PRE/430
260 3 _aSao Jose dos Campos, SP (Brasil):
_c1983.
300 _a21 p.
500 _a9 illus.; Summary (Eng); 9 ref.
650 _aFLORESTA
650 _aPINHEIRO
650 _aMODELO MATEMATICO
650 _aDENDROMETRIA
909 _a202309
_bLucia
_c55
_dLucia Elande
942 _cBK
999 _c35254
_d35254